UBT Library

Nursing : (Record no. 46942)

000 -LEADER
fixed length control field 00877cam a22002774a 4500
001 - CONTROL NUMBER
control field 13350171
005 - DATE AND TIME OF LATEST TRANSACTION
control field 20180807082826.0
008 - FIXED-LENGTH DATA ELEMENTS--GENERAL INFORMATION
fixed length control field 030922s2004 dcu b 001 0 eng
010 ## - LIBRARY OF CONGRESS CONTROL NUMBER
LC control number 2003020741
020 ## - INTERNATIONAL STANDARD BOOK NUMBER
International Standard Book Number 1558102159 (alk. paper)
035 ## - SYSTEM CONTROL NUMBER
System control number (DNLM)101191616
040 ## - CATALOGING SOURCE
Original cataloging agency DNLM/DLC
Transcribing agency DLC
Modifying agency DLC
041 ## - LANGUAGE CODE
Language code of text/sound track or separate title eng
042 ## - AUTHENTICATION CODE
Authentication code pcc
043 ## - GEOGRAPHIC AREA CODE
Geographic area code n-us---
060 10 - NATIONAL LIBRARY OF MEDICINE CALL NUMBER
Classification number WY 16
Item number A512n 2004
080 ## - UNIVERSAL DECIMAL CLASSIFICATION NUMBER
Universal Decimal Classification number 610.730
082 00 - DEWEY DECIMAL CLASSIFICATION NUMBER
Classification number 610.730
Edition number 22
100 ## - Rafti
Rafti 1
101 ## - Shkurtesa
Shkurtesa INF
245 10 - TITLE STATEMENT
Title Nursing :
Statement of responsibility, etc American Nurses Association.
504 ## - BIBLIOGRAPHY, ETC. NOTE
Bibliography, etc Includes bibliographical references and index.
906 ## - LOCAL DATA ELEMENT F, LDF (RLIN)
a 7
b cbc
c orignew
d 1
e ecip
f 20
g y-gencatlg
942 ## - ADDED ENTRY ELEMENTS (KOHA)
Source of classification or shelving scheme
Item type Books

No items available.

UBT Library © 2015-2024. All rights reserved University Education for Business and Technology